000 00935nas a2200313 4500
001 BR2011004448
003 BR-BrBNA
005 20231205115517.0
007 ta
008 230509b bl.|||p| |||| 00| 00por d
040 _aBR-BrBNA
_bpor
_cBiblioteca Nacional de Agricultura
041 _a(Pt)
072 _aF61
100 1 _aFurlani Júnior, E.
100 1 _aPereira, G.A.
100 1 _aPaulo, E.M.
100 1 _aFurlani, R.C.M.
100 1 _aFerrari, S.
245 1 _aNíveis de nitrogênio, teores de clorofila e relações nutricionais para a cultivar de café catuaí vermelho
650 _aCAFÉ
650 _aNITROGÊNIO
650 _aCLOROFILA
650 _aADUBAÇÃO
650 _aNUTRIÇÃO VEGETAL
650 _aANÁLISE FOLIAR
773 0 _tCultura Agronômica (Brazil)
_xISSN 0104-1010
_g(2007), v. 16(1) p. 83-91
_wBR2011004448
909 _a202311
_bLúcia
_c55
_dLúcia Elande
942 _2AGRIS
_n0
_cANA
999 _c214175
_d214175